书目信息 |
| 题名: |
图书编辑规程论
|
|
| 作者: | ;中国编辑学会 主编 | |
| 分册: | ||
| 出版信息: | 北京 中国标准出版社 2008.08 |
|
| 页数: | 400页 | |
| 开本: | 21cm | |
| 丛书名: | ||
| 单 册: | ||
| 中图分类: | G232.2 | |
| 科图分类: | ||
| 主题词: | 图书--编辑工作--文集 | |
| 电子资源: | ||
| ISBN: | 978-7-5066-5016-8 | |
| 000 | 01030nam0 2200241 450 | |
| 001 | 003943443 | |
| 005 | 20100811160953.14 | |
| 010 | @a978-7-5066-5016-8@dCNY35.00 | |
| 090 | @aG232@bzgb | |
| 100 | @a20100515d2008 em y0chiy50 ea | |
| 101 | 0 | @achi |
| 102 | @aCN@b110000 | |
| 105 | @ay z 000yy | |
| 200 | 1 | @a图书编辑规程论@Atu shu bian ji gui cheng lun@e中国编辑学会第十二届学术年会论文集@f中国编辑学会主编@Atu shu bian ji gui cheng lun |
| 210 | @a北京@c中国标准出版社@d2008.08 | |
| 215 | @a400页@d21cm | |
| 330 | @a本书是中国编辑学会第十二届学术年会和2008年1月"编辑实践,编辑规程及编辑理论"研讨会入选文章的汇编,以反映中国编辑学会第十二届年会和研讨会的研究成果。本书共收集文章61篇,按文章内容分成7编:综论编、总则编、管理编、策划编、设计编、审校编、佐论编。 | |
| 517 | 1 | @a中国编辑学会第十二届学术年会论文集@Azhong guo bian ji xue hui di shi er jie xue shu nian hui lun wen ji |
| 606 | 0 | @a图书@x编辑工作@x文集 |
| 690 | @aG232.2@v4 | |
| 711 | 02 | @a中国编辑学会@4主编 |
| 801 | 0 | @c20100515 |
| 905 | @dG232.2@eZ548@f5 | |
| 图书编辑规程论:中国编辑学会第十二届学术年会论文集/中国编辑学会主编.-北京:中国标准出版社,2008.08 |
| 400页;21cm |
| ISBN 978-7-5066-5016-8:CNY35.00 |
| 本书是中国编辑学会第十二届学术年会和2008年1月"编辑实践,编辑规程及编辑理论"研讨会入选文章的汇编,以反映中国编辑学会第十二届年会和研讨会的研究成果。本书共收集文章61篇,按文章内容分成7编:综论编、总则编、管理编、策划编、设计编、审校编、佐论编。 |
| ● |
| 相关链接 |
|
|
|
正题名:图书编辑规程论
索取号:G232.2/Z548
 
预约/预借
| 序号 | 登录号 | 条形码 | 馆藏地/架位号 | 状态 | 备注 |
| 1 | 1023991 | 210239918 | 社科库409/409社科库 58排4列3层/ [索取号:G232.2/Z548] | 在馆 | |
| 2 | 1023992 | 210239927 | 社科库409/409社科库 58排4列3层/ [索取号:G232.2/Z548] | 在馆 | |
| 3 | 1023993 | 210239936 | 社科二线422/409社科库 58排4列3层/ [索取号:G232.2/Z548] | 在馆 | |
| 4 | 1023994 | 210239945 | 社科二线422/409社科库 58排4列3层/ [索取号:G232.2/Z548] | 在馆 | |
| 5 | 1023995 | 210239954 | 社科库409/409社科库 58排4列3层/ [索取号:G232.2/Z548] | 在馆 |